Online
Catalog

Anatomia humana / (Record no. 38411)

MARC details
000 -CABECERA
campo de control de longitud fija 01118nam a2200265 a 4500
001 - NÚMERO DE CONTROL
campo de control 000038921
005 - FECHA Y HORA DE LA ÚLTIMA TRANSACCIÓN
campo de control 20201002031424.0
008 - DATOS DE LONGITUD FIJA--INFORMACIÓN GENERAL
campo de control de longitud fija 130506s1974 dr 000 0 spa d
040 ## - FUENTE DE LA CATALOGACIÓN
Centro catalogador/agencia de origen DO-SdBNP
Lengua de catalogación spa
Centro/agencia transcriptor BNPHU
082 ## - NÚMERO DE LA CLASIFICACIÓN DECIMAL DEWEY
Número de clasificación 611
Número de documento/Ítem P961a, 1974
100 1# - ENTRADA PRINCIPAL--NOMBRE DE PERSONA
Nombre de persona Prives, M.
Forma completa/desarrollada del nombre Mikhail
9 (RLIN) 65184
245 10 - MENCIÓN DE TÍTULO
Título Anatomia humana /
Mención de responsabilidad, etc. M. Prives, N. Lisenkov, V. Bushkovich; traducción Fina Coll, Humberto Valdes Tergas.
250 ## - MENCIÓN DE EDICIÓN
Mención de edición 2a. ed.
260 ## - PUBLICACIÓN, DISTRIBUCIÓN, ETC.
Lugar de publicación, distribución, etc. Santo Domingo :
Nombre del editor, distribuidor, etc. Nacional,
Fecha de publicación, distribución, etc. 1974.
300 ## - DESCRIPCIÓN FÍSICA
Extensión 2v. :
Otras características físicas il. ;
Dimensiones 22 cm.
500 ## - NOTA GENERAL
Nota general Traducido del idioma ruso
505 0# - NOTA DE CONTENIDO CON FORMATO
Información miscelánea v. 1
Título Generalidades
-- Aparato locomotor
-- Esplacnología
-- Organos de secreción interna
Información miscelánea v. 2
Título Tratado sobre los vasos (angiología)
-- Tratado sobre el sistema nervioso (neurología)
-- Tratado sobre los organos de los sentidos (estesiología)
590 ## - NOTA LOCAL (RLIN)
Nota local Inventariado, 2018/LP
650 #4 - PUNTO DE ACCESO ADICIONAL DE MATERIA--TÉRMINO DE MATERIA
Término de materia o nombre geográfico como elemento de entrada Anatomia humana
9 (RLIN) 7327
700 12 - PUNTO DE ACCESO ADICIONAL--NOMBRE DE PERSONA
Nombre de persona Coll, Fina,
Término indicativo de función/relación trad.
9 (RLIN) 65185
700 12 - PUNTO DE ACCESO ADICIONAL--NOMBRE DE PERSONA
Nombre de persona Valdes Tergas, Humberto,
Término indicativo de función/relación trad.
9 (RLIN) 65186
700 12 - PUNTO DE ACCESO ADICIONAL--NOMBRE DE PERSONA
Nombre de persona Lisenkov, N.
Forma completa/desarrollada del nombre Nicolai
9 (RLIN) 65187
700 12 - PUNTO DE ACCESO ADICIONAL--NOMBRE DE PERSONA
Nombre de persona Bushkovich, V.
Forma completa/desarrollada del nombre Viacheslav
9 (RLIN) 65188
910 ## - DATOS DE OPCIÓN DEL USUARIO (OCLC)
Datos de opción del usuario Validado. Control de calidad MFF
Holdings
Estado de retiro Estado de pérdida No para préstamo Código de colección Localización permanente Ubicación/localización actual Ubicación en estantería Fecha de adquisición Número de inventario Total de préstamos Signatura topográfica completa Código de barras Fecha visto por última vez Precio válido a partir de Tipo de ítem Koha
    Excluido de préstamo Patrimonio Dominicano Patrimonio Dominicano Patrimonio Dominicano Depósito 06.05.2013 LF1   v. 1 38921-10 25.06.2020 25.06.2020 Libro y Folleto Colección Patrimonio Dominicano
    Excluido de préstamo Patrimonio Dominicano Patrimonio Dominicano Patrimonio Dominicano Depósito 20.01.2015 LF1   v.2 38921-20 25.06.2020 25.06.2020 Libro y Folleto Colección Patrimonio Dominicano

Powered by Koha